A közbeszerzés elmélete és gyakorlata, avagy egy konferencia margójára
Elmentve itt :
| Szerző: | |
|---|---|
| Testületi szerző: | |
| Dokumentumtípus: | Könyv része |
| Megjelent: |
2020
|
| Sorozat: | Intézeti mozaikok
Mozaikok az SZTE ÁJTK Civilisztikai Tudományok Intézete történetéből |
| Kulcsszavak: | Jogtudomány - konferencia - beszámoló |
| Tárgyszavak: | |
| Online Access: | http://acta.bibl.u-szeged.hu/70528 |
| LEADER | 00914naa a2200229 i 4500 | ||
|---|---|---|---|
| 001 | acta70528 | ||
| 005 | 20220106113855.0 | ||
| 008 | 201202s2020 hu o 0|| hun d | ||
| 020 | |a 978-963-306-729-1 | ||
| 040 | |a SZTE Egyetemi Kiadványok Repozitórium |b hun | ||
| 041 | |a hun | ||
| 100 | 1 | |a Herceg Ágnes | |
| 245 | 1 | 2 | |a A közbeszerzés elmélete és gyakorlata, avagy egy konferencia margójára |h [elektronikus dokumentum] / |c Herceg Ágnes |
| 260 | |c 2020 | ||
| 300 | |a 80 | ||
| 490 | 0 | |a Intézeti mozaikok | |
| 490 | 0 | |a Mozaikok az SZTE ÁJTK Civilisztikai Tudományok Intézete történetéből | |
| 650 | 4 | |a Társadalomtudományok | |
| 650 | 4 | |a Jogtudomány | |
| 695 | |a Jogtudomány - konferencia - beszámoló | ||
| 710 | |a 20 év mérlegen, avagy közbeszerzésünk múltja, jelene és jövője (2015) (Szeged) | ||
| 856 | 4 | 0 | |u http://acta.bibl.u-szeged.hu/70528/1/intezeti_mozaikok_001_080.pdf |z Dokumentum-elérés |